ICES zooplankton methodology manual
Αποθηκεύτηκε σε:
| Άλλοι συγγραφείς: | |
|---|---|
| Μορφή: | Βιβλίο |
| Γλώσσα: | English |
| Δημοσίευση: |
San Diego, Calif. :
Elsevier, Academic Press,
2000
|
| Θέματα: | |
| Ετικέτες: |
Προσθήκη ετικέτας
Δεν υπάρχουν, Καταχωρήστε ετικέτα πρώτοι!
|
MARC
| LEADER | 00000nam a2200000 i 4500 | ||
|---|---|---|---|
| 001 | 1/47343 | ||
| 008 | 070703s2000 eng d | ||
| 020 | |a 0-12-327645-4 | ||
| 035 | |l 10088617 | ||
| 040 | |a GR-MY-UA |b gre |e aacr | ||
| 041 | 0 | |a eng | |
| 082 | 0 | |a 592.1776 |2 (22) | |
| 245 | 1 | 0 | |a ICES zooplankton methodology manual / |c edited by Roger Harris ... [et al.] |
| 260 | |a San Diego, Calif. : |b Elsevier, |b Academic Press, |c 2000 | ||
| 300 | |a xxi, 684 σ.; |b εικ. (μερ έγχρ.), πίν, χάρτες; |c 25 εκ. | ||
| 504 | |a Περιέχει βιβλιογραφικές παραπομπές και ευρετήριο | ||
| 650 | 0 | 0 | |a Marine zooplankton |x Ecology. |
| 700 | 1 | |a Harris, Roger |q (Roger P.) |4 edt | |
| 852 | |a INST |b LESVOS |e 20070703 |h 592.1776 ICE |p 005100037966 |q 005100037966 |t BK |y 0 | ||
| 901 | |a BIBL1-2007-2 | ||
| 909 | |a Λ |b 135435 | ||
| 922 | |a 1ΕΛΗ |b 200706 |c ΕΠΕΑΕΚ2/ΤΕΘ |d ΕΛΕΥΘΕΡΟΥΔΑΚΗΣ | ||
| 970 | |a ΚΑΡΑ |b ΓΙΑΣΕΜΗ |z 2007/07/03 | ||